All MLB Players In The HOF - Statistics

General Stats
  • This quiz has been taken 148 times
    55 since last reset
  • The average score is 116 of 268
Answer Stats
Year Inducted Players % Correct
2015 Randy Johnson
92%
1936 Babe Ruth
89%
1975 Judy Johnson
89%
1936 Walter Johnson
89%
1939 Lou Gehrig
84%
1983 Brooks Robinson
82%
2020 Derek Jeter
82%
1982 Frank Robinson
82%
1936 Honus Wagner
82%
1962 Jackie Robinson
82%
1981 Bob Gibson
79%
1937 Cy Young
79%
1982 Hank Aaron
79%
1974 Mickey Mantle
79%
1973 Roberto Clemente
79%
1966 Ted Williams
79%
1987 Billy Williams
76%
2007 Cal Ripken Jr.
76%
2018 Chipper Jones
76%
2014 Frank Thomas
76%
2001 Hilton Smith
76%
1972 Josh Gibson
76%
2019 Lee Smith
76%
1999 Nolan Ryan
76%
2002 Ozzie Smith
76%
1999 Smokey Joe Williams
76%
2019 Edgar Martinez
74%
2009 Rickey Henderson
74%
1969 Stan Musial
74%
1988 Willie Stargell
74%
1978 Eddie Mathews
71%
2014 Greg Maddux
71%
1984 Harmon Killebrew
71%
2017 Jeff Bagwell
71%
1955 Joe DiMaggio
71%
2015 John Smoltz
71%
2006 Jud Wilson
71%
1995 Mike Schmidt
71%
2015 Pedro Martinez
71%
1993 Reggie Jackson
71%
1982 Travis Jackson
71%
1936 Ty Cobb
71%
1979 Willie Mays
71%
1972 Yogi Berra
71%
1936 Christy Mathewson
68%
2017 Ivan Rodriguez
68%
1989 Johnny Bench
68%
2016 Ken Griffey Jr.
68%
2019 Mariano Rivera
68%
2016 Mike Piazza
68%
1999 Robin Yount
68%
2014 Tom Glavine
68%
2015 Craig Biggio
66%
1990 Jim Palmer
66%
1990 Joe Morgan
66%
2020 Larry Walker
66%
1971 Satchel Paige
66%
2017 Tim Raines
66%
2007 Tony Gwynn
66%
1937 Tris Speaker
66%
1980 Al Kaline
63%
2010 Andre Dawson
63%
1989 Carl Yastrzemski
63%
2003 Eddie Murray
63%
1977 Ernie Banks
63%
2003 Gary Carter
63%
2009 Jim Rice
63%
1947 Lefty Grove
63%
1937 Nap Lajoie
63%
2004 Paul Molitor
63%
1991 Rod Carew
63%
1963 Sam Rice
63%
1972 Sandy Koufax
63%
1992 Tom Seaver
63%
1974 Whitey Ford
63%
1986 Willie McCovey
63%
1939 Cap Anson
61%
1999 George Brett
61%
2018 Jim Thome
61%
1985 Lou Brock
61%
1951 Mel Ott
61%
2011 Roberto Alomar
61%
1962 Bob Feller
58%
2001 Dave Winfield
58%
2022 David Ortiz
58%
2001 Kirby Puckett
58%
1984 Pee Wee Reese
58%
2012 Ron Santo
58%
2005 Wade Boggs
58%
2000 Carlton Fisk
55%
1974 Cool Papa Bell
55%
1980 Duke Snider
55%
1956 Hank Greenberg
55%
1997 Nellie Fox
55%
1997 Phil Niekro
55%
1942 Rogers Hornsby
55%
1992 Rollie Fingers
55%
1994 Steve Carlton
55%
2004 Dennis Eckersley
53%
1984 Don Drysdale
53%
1998 Don Sutton
53%
2023 Fred McGriff
53%
2019 Mike Mussina
53%
1949 Mordecai Brown
53%
1975 Ralph Kiner
53%
2006 Ray Brown
53%
1969 Roy Campanella
53%
2019 Roy Halladay
53%
2005 Ryne Sandberg
53%
2018 Vladimir Guerrero
53%
1973 Warren Spahn
53%
2006 Willard Brown
53%
2018 Alan Trammell
50%
2012 Barry Larkin
50%
1939 Eddie Collins
50%
2019 Harold Baines
50%
1945 Jimmy Collins
50%
1999 Orlando Cepeda
50%
2018 Trevor Hoffman
50%
2011 Bert Blyleven
47%
1987 Catfish Hunter
47%
1991 Fergie Jenkins
47%
1991 Gaylord Perry
47%
1938 Pete Alexander
47%
2008 Rich Gossage
47%
1976 Robin Roberts
47%
2000 Tony Perez
47%
1953 Al Simmons
45%
1949 Charlie Gehringer
45%
1983 Juan Marichal
45%
2020 Ted Simmons
45%
2001 Bill Mazeroski
42%
1945 Fred Clarke
42%
1951 Jimmie Foxx
42%
1984 Luis Aparicio
42%
1998 George Davis
39%
1992 Hal Newhouser
39%
1955 Home Run Baker
39%
2018 Jack Morris
39%
1981 Johnny Mize
39%
1998 Larry Doby
39%
1967 Lloyd Waner
39%
1952 Paul Waner
39%
1994 Phil Rizzuto
39%
2013 Deacon White
37%
1985 Enos Slaughter
37%
2022 Gil Hodges
37%
1948 Pie Traynor
37%
1995 Richie Ashburn
37%
2022 Tony Oliva
37%
2006 Andy Cooper
34%
1985 Arky Vaughan
34%
1961 Billy Hamilton
34%
1986 Bobby Doerr
34%
2006 Bruce Sutter
34%
1953 Dizzy Dean
34%
1946 Eddie Plank
34%
1939 George Sisler
34%
1946 Joe Tinker
34%
2022 Minnie Minoso
34%
2023 Scott Rolen
34%
1959 Zack Wheat
34%
1954 Bill Dickey
32%
1946 Frank Chance
32%
2022 Jim Kaat
32%
2009 Joe Gordon
32%
1964 Luke Appling
32%
1986 Ernie Lombardi
29%
1955 Gabby Hartnett
29%
1985 Hoyt Wilhelm
29%
1946 Johnny Evans
29%
1949 Kid Nichols
29%
1947 Mickey Cochrane
29%
1974 Sam Thompson
29%
1996 Bill Foster
26%
1954 Bill Terry
26%
1976 Bob Lemon
26%
1947 Carl Hubbell
26%
1980 Chuck Klein
26%
1955 Dazzy Vance
26%
1983 George Kell
26%
1968 Goose Goslin
26%
1974 Jim Bottomley
26%
1972 Lefty Gomez
26%
1976 Oscar Charleston
26%
1969 Waite Hoyt
26%
1939 Willie Keeler
26%
1975 Billy Herman
24%
1962 Edd Roush
24%
1946 Ed Walsh
24%
1952 Harry Heilmann
24%
1973 High Pockets Kelly
24%
1996 Jim Bunning
24%
1971 Joe Kelley
24%
1945 King Kelly
24%
1970 Lou Boudreau
24%
1973 Mickey Welch
24%
1967 Red Ruffing
24%
1957 Sam Crawford
24%
1955 Ted Lyons
24%
1991 Tony Lazzeri
24%
1995 Vic Willis
24%
1997 Willie Wells
24%
2006 Ben Taylor
21%
1972 Buck Leonard
21%
1975 Earl Averill
21%
1972 Early Wynn
21%
1945 Hugh Duffy
21%
1946 Jack Chesbro
21%
1956 Joe Cronin
21%
1963 John Clarkson
21%
1939 Old Hoss Radbourn
21%
1965 Pud Galvin
21%
1964 Tim Keefe
21%
1945 Ed Delahanty
18%
1971 Harry Hooper
18%
1964 Heinie Manush
18%
1945 Hughie Jennings
18%
1945 Jim O'Rourke
18%
1946 Joe McGinnity
18%
1968 Joe Medwick
18%
1968 Kiki Cuyler
18%
1954 Rabbit Maranville
18%
1955 Ray Schalk
18%
1976 Roger Connor
18%
1946 Rube Waddell
18%
2000 Bid McPhee
16%
2006 Biz Mackey
16%
1945 Dan Brouthers
16%
1970 Earle Combs
16%
2006 Frank Grant
16%
1946 Jesse Burkett
16%
1977 Joe Sewell
16%
1961 Max Carey
16%
1973 Monte Irvin
16%
2006 Pete Hill
16%
1964 Red Faber
16%
1945 Roger Bresnahan
16%
1969 Stan Coveleski
16%
1979 Addie Joss
13%
1939 Buck Ewing
13%
1998 Bullet Rogan
13%
1964 Burleigh Grimes
13%
1953 Chief Bender
13%
1971 Dave Bancroft
13%
1963 Elmer Flick
13%
1963 Eppa Rixey
13%
1971 Jake Beckley
13%
1970 Jesse Haines
13%
1977 Martin Dihigo
13%
1977 Pop Lloyd
13%
1972 Ross Youngs
13%
1977 Amos Rusie
11%
1953 Bobby Wallace
11%
1971 Chick Hafey
11%
1964 John Ward
11%
1995 Leon Day
11%
1984 Rick Ferrell
11%
2000 Turkey Stearnes
11%
2006 Jose Mendez
8%
2006 Mule Suttles
8%
1989 Red Schoendiesnt
8%
2006 Cristobal Torriente
5%
2006 Louis Santop
5%
1987 Ray Dandrige
5%
1976 Freddie Lindstorm
3%
1971 Rube Marguard
3%
1946 Tommy McCrathy
3%
No matching quizzes found
Score Distribution
Percent of People with Each Score
Percentile by Number Answered
Your Score History
You have not taken this quiz since the last reset